| 000 | 00690nam a2200229Ia 4500 | ||
|---|---|---|---|
| 005 | 20260601193256.0 | ||
| 008 | 260601s9999||||xx |||||||||||||| ||und|| | ||
| 020 |
_a978-3-031-70797-1 _qebk |
||
| 100 | _aMatthias Galster | ||
| 245 | 0 | _aSoftware Architecture | |
| 250 | _a2024 | ||
| 260 |
_aHeidelberg, Germany _bSpringer Nature _c2024 |
||
| 440 | _aLecture Notes in Computer Science | ||
| 650 | _aComputer Science | ||
| 700 | _aElena Navarro | ||
| 700 | _aElisa Yumi Nakagawa | ||
| 700 | _aPablo Oliveira Antonino | ||
| 700 | _aPatrizia Scandurra | ||
| 700 | _aTommi Mikkonen | ||
| 856 | _uhttps://link.springer.com/openurl?genre=book&isbn=978-3-031-70797-1 | ||
| 942 |
_cEB _2ddc |
||
| 999 |
_c56877 _d56877 |
||